Preparation and characterization of coordination compounds of some transition metal ions with some hydroxamates and amino acids / (رقم التسجيلة. 179575)

تفاصيل مارك
000 -LEADER
fixed length control field 01446namaa22003251i 4500
005 - أخر تعامل مع التسجيلة
control field 20260419125839.0
008 - FIXED-LENGTH DATA ELEMENTS--GENERAL INFORMATION
fixed length control field 260419s1994 ua a|||frm||| 000 0 eng d
040 ## - CATALOGING SOURCE
Original cataloguing agency EG-GICUC
Language of cataloging eng
Transcribing agency EG-GICUC
Modifying agency EG-GICUC
Description conventions rda
041 0# - LANGUAGE CODE
Language code of text/sound track or separate title eng
Language code of summary or abstract eng
-- ara
049 ## - Acquisition Source
Acquisition Source Deposit
097 ## - Degree
Degree M.Sc
099 ## - LOCAL FREE-TEXT CALL NUMBER (OCLC)
Local Call Number Cai01.12.07.M.Sc.1994.Ma.P
100 0# - MAIN ENTRY--PERSONAL NAME
Authority record control number or standard number Mohamoud Mohamed Ahamed Mohamed,
Preparation preparation.
245 10 - TITLE STATEMENT
Title Preparation and characterization of coordination compounds of some transition metal ions with some hydroxamates and amino acids /
Statement of responsibility, etc. By Mohamoud Mohamed Ahamed Mohamed ; Supervised Prof. E. M. Khairy, Prof. M. M. Shoukry, Dr. M. M. Khalil
246 15 - VARYING FORM OF TITLE
Title proper/short title تحضير ودراسة خواص بعض العناصر الانتقالية مع بعض الهيدروكزاميات و الاحناض الامينية
264 #0 - PRODUCTION, PUBLICATION, DISTRIBUTION, MANUFACTURE, AND COPYRIGHT NOTICE
Date of production, publication, distribution, manufacture, or copyright notice 1994.
300 ## - PHYSICAL DESCRIPTION
Extent 128 Leaves
Other physical details illustrations
Dimensions 30 cm. +
336 ## - CONTENT TYPE
Source rda content
Content type term text
337 ## - MEDIA TYPE
Source rdamedia
Media type term Unmediated
338 ## - CARRIER TYPE
Source rdacarrier
Carrier type term volume
502 ## - DISSERTATION NOTE
Dissertation note Thesis (M.Sc.)-Cairo University, 1994
504 ## - BIBLIOGRAPHY, ETC. NOTE
Bibliography, etc. note Bibliography: pages 119-128
653 #0 - INDEX TERM--UNCONTROLLED
Uncontrolled term some hydroxamates and amino acids
700 0# - ADDED ENTRY--PERSONAL NAME
Personal name E. M. Khairy
Relator term thesis advisor.
700 0# - ADDED ENTRY--PERSONAL NAME
Personal name M. M. Shoukry
Relator term thesis advisor.
700 0# - ADDED ENTRY--PERSONAL NAME
Personal name M. M. Khalil
Relator term thesis advisor.
900 ## - Thesis Information
Department Department of Chemistry
Faculties Faculty of Science
Universities Cairo University
Grant date 1994
Supervisory body E. M. Khairy
-- M. M. Shoukry
-- M. M. Khalil
905 ## - Cataloger and Reviser Names
Cataloger Name Nehad
942 ## - ADDED ENTRY ELEMENTS (KOHA)
Source of classification or shelving scheme Dewey Decimal Classification
Koha item type Thesis
Edition 21
Suppress in OPAC No
المقتنيات
Source of classification or shelving scheme Home library Current library Date acquired Inventory number Full call number Barcode Date last seen Effective from Koha item type
Dewey Decimal Classification المكتبة المركزبة الجديدة - جامعة القاهرة مكتبة المئوية 19.04.2026 26112 Cai01.12.07.M.Sc.1994.Ma.P 01010110026112000 19.04.2026 19.04.2026 Thesis
Cairo University Libraries Portal Implemented & Customized by: Eng. M. Mohamady Contacts: new-lib@cl.cu.edu.eg | cnul@cl.cu.edu.eg
CUCL logo CNUL logo
© All rights reserved — Cairo University Libraries
CUCL logo
Implemented & Customized by: Eng. M. Mohamady Contact: new-lib@cl.cu.edu.eg © All rights reserved — New Central Library
CNUL logo
Implemented & Customized by: Eng. M. Mohamady Contact: cnul@cl.cu.edu.eg © All rights reserved — Cairo National University Library